Statistics for Star Wars Podracers

Click here to take the quiz!

General Stats

  • This quiz has been taken 17 times
  • The average score is 8 of 14

Answer Stats

HintCompleted the race?Answer% Correct
Young boy attempting to earn freedom.YesAnakin Skywalker
100%
His podracer is sabotaged.NoBen Quadinaros
92%
Dug pilot who often cheats in various ways.NoSebulba
92%
Skilled Xexto podracer with many arms.YesGasgano
75%
His podracer explodes after a pit droid is sucked inside.NoOdy Mandrell
58%
A Glymphid hired to beat the above.YesAldar Beedo
50%
Xamster pilot who disappears after attempting to make a shortcut.NoNeva Kee
50%
His podracer crashes after Tusken Raiders fire at it.NoTeemto Pagalies
50%
Nuknog podracer who sabotages the above.NoArk Roose
42%
A bat-like Sneevel podracer.YesBoles Roor
42%
A Vulptereen podracer who crashes into the above.NoDud Bolt
42%
A Fluggarian who comes in fifthYesElan Mak
42%
Skilled Gran pilot sabotaged by the Dug pilot.NoMawhonic
42%
A trifftan who comes in fourth.YesEbe Endocott
33%

Score Distribution

Percentile by Number Answered

Percent of People with Each Score

Your Score History

You have not taken this quiz